| 000 | 01439nam1a22002651i 4500 | ||
|---|---|---|---|
| 001 | rc\4592934 | ||
| 005 | 20260406181050.0 | ||
| 035 | _a(NLR Aleph) 008384734 | ||
| 090 |
_a9139807 _c9139807 |
||
| 100 | _a20130416d1968 k||y0rusy50 ca | ||
| 101 | 0 | _arus | |
| 102 | _aRU | ||
| 105 | _a j ||||| | ||
| 200 | 1 |
_aМетоды расчета эксплуатационной надежности сложных систем _eлекции 1-16 _fКиевский дом научно-технической пропаганды. Общество "Знание" УССР. Киевское высшее инженерное радиотехническое училище противовоздушной обороны |
|
| 210 |
_aКиев _d1968 |
||
| 333 | _aДля внутриведомственной продажи | ||
| 606 | 1 |
_aИнформационные системы _jУчебные издания для высших учебных заведений _xРазработка _91193825 _3RU\NLR\AUTH\66482202 |
|
| 686 | 1 | _aз973.233.02-02я73 | |
| 712 | 0 | 2 |
_4475 _aКиевское высшее инженерное радиотехническое училище войск ПВО страны им. А. И. Покрышкина _3RU\NLR\AUTH\889945759 _9386957 |
| 801 | 0 |
_aRU _bNLR _gpsbo |
|
| 801 | 1 |
_aRU _bELAR _2rusmarc |
|
| 852 |
_aNLR _j50К/20043 (1-4, 9-16) |
||
| 852 |
_aNLR _j70-5/4875 (5-8) |
||
| 942 | _cBOOK | ||